00339nam a2200133Ia 4500008004100000020001500041041001200056082001100068100001400079245004500093260004400138300000800182650001500190221030s9999 xx 000 0 und d a8131403157 aEnglish a105.23 aK. Suresh 0aNew Product Development Concepts & Cases bICFAI University PressaHyderabadc2006 a239 aManagement